| 000 | 00794nam a2200241 i 4500 | ||
|---|---|---|---|
| 001 | 000046585 | ||
| 003 | DO-SdBNP | ||
| 005 | 20241016104311.0 | ||
| 007 | ta | ||
| 008 | 150828s1978 dr r 000 0 spa d | ||
| 040 |
_aDO-SdBNP _bspa _cBNPHU _erda |
||
| 082 | 4 |
_axxxx _bP792e _222 |
|
| 100 | 1 |
_aPonce, Aníbal, _eautor _4aut. _936539 |
|
| 245 | 1 | 0 |
_aEducación y lucha de clases / _cAníbal Ponce ; prólogo, Emilio Troisse. |
| 264 | 4 |
_aSanto Domingo : _bAlfa y Omega, _c1978. |
|
| 300 |
_a245 páginas ; _c21 cm. |
||
| 336 |
_atexto _btxt _2rdacontent |
||
| 337 |
_asin mediación _bn _2rdamedia |
||
| 338 |
_avolumen _bnc _2rdacarrier |
||
| 500 | _aIncluye referencias bibliográficas y notas al pie de las páginas | ||
| 700 | 1 |
_aTroisse, Emilio, _eprologuista _4pr. _974568 |
|
| 942 |
_2ddc _cLBS1 |
||
| 999 |
_c46074 _d46074 |
||